00465nam a2200157Ia 4500003000400000008004100004040001600045082001800061100001700079245008500096260005100181300001000232650002100242650002300263650002100286GCL140319s9999 xx 000 0 eng d aGCL / cGCL04a428.2407bO T1 aDOFF, ADRIAN10aTeach English: Atraining Course for Teachers Teacher's Workbook / cDOFF, ADRIAN a[S.N] : bCAMBRIBGE UNIVERSITY PRESS ، c1994 a140 P04aFOREIGN SPEAKERS04aSTUDY AND TEACHING04aENGLISH LANGUAGE